| 000 | 00690nam a22002177a 4500 | ||
|---|---|---|---|
| 005 | 20150623124153.0 | ||
| 010 | _aENG-112869 | ||
| 020 |
_c340.00 _a9789350353219 |
||
| 035 | _aEN-96401 | ||
| 037 | _bDBAD/PUB | ||
| 082 | _a344.5401 | ||
| 100 | _aKumar, H.L. | ||
| 245 |
_aLaw relating to leave holidays and absenteeism in industries / _cby H.L. Kumar [and] Gaurav Kumar |
||
| 250 | _a10th ed | ||
| 260 |
_a Delhi _bUniversal Law Publishing _c2013 |
||
| 270 |
_aC-FF-1A, Dilkhush Industrial Estate, G.T. Karnal Road, _bDelhi _e110033 |
||
| 300 |
_axxxvi,330p. _c23cm(pbk) |
||
| 500 | _aIncludes index | ||
| 700 | _aGaurav Kumar | ||
| 942 |
_2ddc _cEN _mKUM _h344.5401 |
||
| 999 |
_c93338 _d93338 |
||